Game of Thrones - 20 meilleurs duos - Statistiques

Statistiques générales
  • Ce quiz a été pris 186 fois
  • Le résultat moyen est 25 sur 40
Statistiques - réponses
Hint8 Réponse % Correct
6 Arya Stark
97%
12 Arya Stark
97%
15 Arya Stark
97%
5 Jon Snow
95%
8 Jon Snow
95%
13 Jon Snow
95%
1 Tyrion Lannister
94%
3 Tyrion Lannister
94%
11 Tyrion Lannister
94%
20 Tyrion Lannister
94%
2 Jaime Lannister
88%
10 Jaime Lannister
88%
7 Daenerys Targaryen
85%
20 Daenerys Targaryen
83%
6 Sandor Clegane
79%
2 Brienne de Torth
76%
14 Brienne de Torth
76%
19 Eddard Stark
62%
3 Bronn de la Néra
61%
10 Bronn de la Néra
61%
1 Varys
61%
17 Varys
61%
9 Bran Stark
58%
5 Samwell Tarly
58%
18 Samwell Tarly
58%
7 Jorah Mormont
55%
19 Robert Baratheon
49%
8 Ygrid
49%
15 Gendry Baratheon
43%
11 Podrick Payne
37%
14 Podrick Payne
37%
13 Tormund
37%
9 Hodor
35%
16 Stannis Baratheon
30%
4 Davos Mervault
27%
16 Davos Mervault
27%
18 Vère
21%
17 Olenna Tyrell
17%
12 Jaqen H'Ghar
14%
4 Shireen Baratheon
13%
Aucun quiz correspondant
Distribution des résultats
% des personnes avec chaque résultat
Percentile par nombre de réponses
Votre historique - résultats
Vous n’avez pas pris ce quiz